000
00371nam a2200145Ia 4500
008
231129s2000||||xx |||||||||||||| ||spa||
020
_a
958-9212-51-4
040
_b
spa
082
_a
604.2 A325d
100
_a
Alba Gustavo
245
0
_a
Dibujo tecnico elemental
260
_c
2000
264
_a
Migema Ediciones
942
_2
ddc
_c
BKS
999
_c
9276
_d
9276